000 00837nam a2200253Ia 4500
003 OSt
005 20221005062305.0
006 a|||||r|||| 00| 0
007 ta
008 221004b |||||||| |||| 00| 0 eng d
020 _a9780415553223 (pbk)
_c1723.68
024 _a102423
037 _b29326, 24/02/2010, Segment Book Distributors
_cTextual
040 _aCRL
_cCRL
_beng
041 _2eng
_aeng
082 _aW:5, Q0(906)
100 _aWiebelhaus-Brahm Eric
_9290191
245 0 _aTruth commissions and transitional societies
_b Impact on human rights and democracy
260 _aLondon
_bRoutledge UK
_c2010
300 _axv,223p.
_ccm.
650 _aPOLITICAL SCIENCE
942 _hW:5, Q0(906)
_cTEXL
_2cc
999 _c969476
_d969476